| 000 | 00403 a2200145 4500 | ||
|---|---|---|---|
| 082 | _a301.082 | ||
| 090 |
_c3236 _d3236 |
||
| 100 | _a Abdul Hameed Taga | ||
| 245 |
_aTheory and Research in Sociology _cAbdul Hameed Taga |
||
| 260 |
_aLahore: _bA. H. Taga & Sons, _c 2007. |
||
| 300 |
_a200 p. _b: ill. _c; 21 cm. |
||
| 500 | _aIncludes Index | ||
| 650 | _aSociology--Collections. | ||
| 942 |
_cBK _k301.082 ABD |
||
| 999 |
_c7150 _d7150 |
||